Name The Celebrity from the Scandal - Statistics

General Stats
  • This quiz has been taken 202 times
  • The average score is 8 of 15
Answer Stats
Hint Answer % Correct
Interrupted Taylor Swift's MTV VMA award speech, to praise Beyoncé. Kanye West
96%
Held his baby over a balcony. Michael Jackson
82%
Married a prince, took him back to L.A. and cut ties with the royal family. Meghan Markle
81%
Was charged with domestic abuse against his ex-girlfriend Rihanna. Chris Brown
79%
Faced trial for the accused murder of his ex-wife and her friend. O.J. Simpson
73%
Was called out by staff who accused her of causing a toxic work environment. Ellen Degeneres
57%
Starred in an advertisement for Pepsi which featured BLM protests. Kendall Jenner
56%
Got into a physical altercation with Jay-Z in an elevator, supposedly about cheating. Solange Knowles
44%
Accused of cheating on Khloe Kardashian with Jordyn Woods. Tristan Thompson
42%
Announced the wrong winner of the Miss Universe pageant in 2015. Steve Harvey
37%
Fathered a secret child with his housekeeper. Arnold Schwarzenegger
36%
Had her show re-boot cancelled because of racist tweets. Roseanne Barr
34%
Was accused of white-washing a role when she played a Japanese manga character. Scarlett Johansson
29%
Paid college admissions consultant $15K to get her daughters answers changed. Felicity Huffman
22%
Held up a fake decapitated head of Donald Trump. Kathy Griffin
17%
No matching quizzes found
Score Distribution
Percent of People with Each Score
Percentile by Number Answered
Your Score History
You have not taken this quiz